Indian automobile industry : prospects and retrospects (Record no. 183468)
[ view plain ]
| 000 -LEADER | |
|---|---|
| fixed length control field | 00417nam a2200145Ia 4500 |
| 005 - DATE AND TIME OF LATEST TRANSACTION | |
| control field | 20250318144536.0 |
| 008 - FIXED-LENGTH DATA ELEMENTS--GENERAL INFORMATION | |
| fixed length control field | 231217s9999 xx 000 0 und d |
| 020 ## - INTERNATIONAL STANDARD BOOK NUMBER | |
| International Standard Book Number | 9788174466624 |
| 100 ## - MAIN ENTRY--PERSONAL NAME | |
| Personal name | Kumar Raj, K. Rao, Pandu Ranga. |
| 245 #0 - TITLE STATEMENT | |
| Title | Indian automobile industry : prospects and retrospects |
| 260 ## - PUBLICATION, DISTRIBUTION, ETC. (IMPRINT) | |
| Date of publication, distribution, etc. | 2008 |
| Name of publisher, distributor, etc. | Excel Books |
| Place of publication, distribution, etc. | New Delhi |
| 300 ## - PHYSICAL DESCRIPTION | |
| Extent | xviii+234 |
| 650 ## - SUBJECT ADDED ENTRY--TOPICAL TERM | |
| Topical term or geographic name as entry element | automobile,retrospects |
| 942 ## - ADDED ENTRY ELEMENTS (KOHA) | |
| Koha item type | Books |
| Date last seen | Total Checkouts | Accession number | Old discount | Cost, replacement price | Price effective from | Category | Lost status | Damaged status | Department | Withdrawn status | bill no. | bill date | Permanent Location | Current Location | Shelving location | Entry date | Vendor | Cost, normal purchase price | Grants | Currency symbol | Conversion rate | Discount | Discount type |
|---|---|---|---|---|---|---|---|---|---|---|---|---|---|---|---|---|---|---|---|---|---|---|---|
| 26/01/2024 | 54802 | 20 | 396.00 | 26/01/2024 | Books | MBA | 0910/0373 | 26/01/2013 | Central Library | Central Library | MBA | 22/07/2009 | Surya Infotainment Products Pvt. Ltd. | 495.00 | MBA | RS | 1 | 99 | Rupees |
